Metal forming processes : Developments in experimental and numerical approaches /

Gespeichert in:
Bibliographische Detailangaben
Hauptverfasser: Marotrao, Ganesh Kakandikar (Verfasst von), Agrawal, Anupam (Verfasst von), Kumar, D. Ravi (Verfasst von)
Format: Buch
Sprache:Englisch
Veröffentlicht: Boca Raton (USA) CRC Press 2023
Schlagworte:
Tags: Tag hinzufügen
Keine Tags, Fügen Sie das erste Tag hinzu!

MARC

LEADER 00000nam a22000003a 4500
001 0107109
003 SK-STU
005 20231218145432.0
007 ta
008 231218s ----xo-----e------000-0-----d
020 |a 978-1-032-12890-0 
040 |a STU  |b slo 
041 0 |a eng 
044 |a xxu 
100 1 |a Marotrao, Ganesh Kakandikar  |4 aut 
245 1 0 |a Metal forming processes :  |b Developments in experimental and numerical approaches /  |c aut. Ganesh Kakandikar Marotrao, Anupam Agrawal, D. Ravi Kumar 
260 |a Boca Raton (USA)  |b CRC Press  |c 2023 
300 |a 235 s. 
650 0 7 |a tvárnenie kovov 
650 0 7 |a technické ohýbanie (plechov) 
650 0 7 |a hromadné a plošné tvarovanie 
700 1 |a Agrawal, Anupam  |4 aut 
700 1 |a Kumar, D. Ravi  |4 aut 
996 |b 284M089463  |c M* 14815-1  |l MMKN  |s A  |a 24  |w 0107109_0001